|
|
|
|
| LEADER |
00000nam a2200000 a 4500 |
| 001 |
vtls008393342 |
| 003 |
SK-MaSNL |
| 005 |
20260302023938.0 |
| 008 |
181109s1954 xo slo |
| 015 |
|
|
|a SKSNBA19451955-010008
|
| 035 |
|
|
|a SK01SNKBKSFS20010085559
|
| 035 |
|
|
|a SKM000088022
|
| 040 |
|
|
|a SNK
|b slo
|c SNK
|e AACR2
|
| 041 |
0 |
|
|a slo
|
| 044 |
|
|
|a xo
|c SK
|
| 080 |
|
|
|a 351
|2 1981
|
| 100 |
1 |
|
|a Rais, Štefan,
|d 1909-1975
|4 aut
|9 48961
|
| 245 |
1 |
0 |
|a Do novej etapy národných výborov
|c Štefan Rais
|
| 260 |
|
|
|a Bratislava
|b SVPL
|c 1954
|e Bratislava
|f Pravda
|
| 300 |
|
|
|a 61, [2] s.
|c V. 8°
|
| 563 |
|
|
|a 4.000 výtlač.
|
| 650 |
0 |
7 |
|a národné výbory
|2 SNK
|9 59059
|
| 655 |
|
7 |
|a knihy
|2 SNKPH
|9 307098
|
| 852 |
|
|
|a Slovenská národná knižnica v Martine
|b 10000
|h MS SD 8957
|
| 958 |
|
|
|a OND
|
| 958 |
|
|
|a RK
|
| 958 |
|
|
|a TL
|
| 999 |
|
|
|c 1038586
|d 1040516
|
| 952 |
|
|
|a SNK
|b SNK
|y VYP
|7 0
|p 17A0844064
|o snkSD 8957 D1
|i snkI. 4679/54
|0 0
|1 0
|4 0
|d 2014-08-11
|l 0
|r 2026-02-24 14:16:13
|w 2026-02-24
|
| 952 |
|
|
|a SNK
|b SNK
|y PREZ
|7 0
|p 17A0390247
|o snkSD 8957
|i snk725/54
|0 0
|1 0
|4 0
|d 2003-07-21
|l 0
|r 2025-11-21 00:00:00
|w 2026-02-24
|